00523nam a2200181Ia 4500008004100000100002600041245004000067245002500107260002000132260000900152300002300161440002800184650001300212650001000225650001300235999001900248952007400267190912s9999 xx 000 0 und d aHermoso, Christina I. aDevotion 'helps deepen' ones faith/ cChristina I. Hermoso bManila Bulletin c2019 aJanuary 14, page 7 aManila Bulletinv553: 4 aDevotion aFaith aReligion c362124d362124 001040aLUXbLUXd2019-09-12l0r2019-09-12 00:00:00w2019-09-12ySE